[Event "49th Rilton Cup 2019-20"]
[Site "Stockholm"]
[Date "2019.12.29"]
[Round "3.7"]
[White "Kollars, Dmitrij"]
[Black "Lokander, Martin"]
[Result "1-0"]
[WhiteElo "2584"]
[BlackElo "2397"]
[Annotator "ChessBase"]
[PlyCount "71"]
[EventDate "2019.12.27"]
[EventType "swiss"]
[EventCountry "SWE"]
[SourceTitle "playchess.com"]
[Source "ChessBase"]
[SourceQuality "1"]
[TimeControl "40/5400+30:1800+30"]

1. e4 {[%emt 0:00:42]} e5 {[%emt 0:00:00]} 2. Nf3 {[%emt 0:00:06]} Nf6 {[%emt 0:00:00]} 3. Nxe5 {[%emt 0:01:46]} d6 {[%emt 0:00:14]} 4. Nf3 {[%emt 0:01:53]} Nxe4 {[%emt 0:00:06]} 5. d4 {[%emt 0:01:19]} d5 {[%emt 0:00:07]} 6. Bd3 {[%emt 0:00:09]} Bd6 {[%emt 0:00:18]} 7. O-O {[%emt 0:00:47]} O-O {[%emt 0:00:05]} 8. c4 {[%emt 0:02:07]} c6 {[%emt 0:00:05]} 9. Nc3 {[%emt 0:02:14]} Nxc3 {[%emt 0:00:36]} 10. bxc3 {[%emt 0:00:04]} dxc4 {[%emt 0:00:12]} 11. Bxc4 {[%emt 0:00:08]} Bf5 {[%emt 0:00:27]} 12. Bd3 {[%emt 0:08:44]} Qa5 {[%emt 0:01:14]} 13. c4 {[%emt 0:04:33]} Bxd3 {[%emt 0:03:36]} 14. Qxd3 {[%emt 0:00:04]} Nd7 {[%emt 0:00:46]} 15. c5 {[%emt 0:08:14]} Be7 {[%emt 0:04:48]} 16. Rb1 {[%emt 0:07:35]} Qc7 {[%emt 0:10:55]} 17. g3 {[%emt 0:11:59]} b5 {[%emt 0:10:35]} 18. Bf4 {[%emt 0:04:33]} Qc8 {[%emt 0:05:28]} 19. Rfe1 {[%emt 0:01:43]} Re8 {[%emt 0:00:46]} 20. Re2 {[%emt 0:05:29]} Nf6 {[%emt 0:11:56]} 21. Rbe1 {[%emt 0:00:46]} Bf8 {[%emt 0:09:35]} 22. Rxe8 {[%emt 0:05:08]} Nxe8 {[%emt 0:00:04]} 23. d5 {[%emt 0:02:41]} cxd5 {[%emt 0:02:48]} 24. Rc1 {[%emt 0:00:17]} Nc7 {[%emt 0:05:48]} 25. c6 {[%emt 0:01:50]} Ne6 {[%emt 0:00:39]} 26. Be5 {[%emt 0:00:56]} Qa6 {[%emt 0:03:59]} 27. Qxd5 {[%emt 0:09:54]} Rd8 {[%emt 0:00:38]} 28. Qe4 {[%emt 0:00:50]} Qa4 {[%emt 0:04:19]} 29. Qxa4 {[%emt 0:04:13]} bxa4 {[%emt 0:00:03]} 30. c7 {[%emt 0:00:03]} Rc8 {[%emt 0:00:13]} 31. Rb1 {[%emt 0:00:42]} f6 {[%emt 0:04:47]} 32. Rb8 {[%emt 0:00:28]} Rxc7 {[%emt 0:00:10]} 33. Bxc7 {[%emt 0:00:05]} Nxc7 {[%emt 0:00:04]} 34. Nd4 {[%emt 0:00:47]} Na6 {[%emt 0:01:18]} 35. Ra8 {[%emt 0:00:11]} Nc5 {[%emt 0:00:03]} 36. Rxa7 {[%emt 0:00:27]} 1-0

[Event "49th Rilton Cup 2019-20"]
[Site "Stockholm"]
[Date "2019.12.29"]
[Round "3.8"]
[White "Haug, Johannes"]
[Black "Volkov, Sergey"]
[Result "1/2-1/2"]
[WhiteElo "2407"]
[BlackElo "2578"]
[Annotator "ChessBase"]
[PlyCount "172"]
[EventDate "2019.12.27"]
[EventType "swiss"]
[EventCountry "SWE"]
[SourceTitle "playchess.com"]
[Source "ChessBase"]
[SourceQuality "1"]
[TimeControl "40/5400+30:1800+30"]

1. d4 {[%emt 0:00:00]} d5 {[%emt 0:00:00]} 2. c4 {[%emt 0:00:00]} c6 {[%emt 0:00:00]} 3. Nf3 {[%emt 0:00:00]} Nf6 {[%emt 0:00:08]} 4. Nc3 {[%emt 0:01:47]} a6 {[%emt 0:00:41]} 5. e3 {[%emt 0:00:25]} Bf5 {[%emt 0:01:21]} 6. Ne5 {[%emt 0:06:09]} Nbd7 {[%emt 0:01:57]} 7. Qb3 {[%emt 0:03:19]} Qc7 {[%emt 0:06:21]} 8. cxd5 {[%emt 0:01:11]} Nxe5 {[%emt 0:00:49]} 9. dxe5 {[%emt 0:01:15]} Nxd5 {[%emt 0:00:07]} 10. Nxd5 {[%emt 0:00:26]} cxd5 {[%emt 0:00:07]} 11. Bd2 {[%emt 0:01:26]} Qxe5 {[%emt 0:07:42]} 12. Bc3 {[%emt 0:06:02]} Qc7 {[%emt 0:10:25]} 13. Qxd5 {[%emt 0:02:24]} e6 {[%emt 0:01:36]} 14. Qc4 {[%emt 0:09:46]} Qxc4 {[%emt 0:08:09]} 15. Bxc4 {[%emt 0:00:25]} Rc8 {[%emt 0:00:13]} 16. Be2 {[%emt 0:04:10]} Be4 {[%emt 0:01:10]} 17. f3 {[%emt 0:06:04]} Bc6 {[%emt 0:02:49]} 18. Kf2 {[%emt 0:04:48]} f6 {[%emt 0:00:38]} 19. f4 {[%emt 0:07:26]} Kf7 {[%emt 0:08:34]} 20. Bh5+ {[%emt 0:03:57]} g6 {[%emt 0:00:16]} 21. Bf3 {[%emt 0:00:05]} Bxf3 {[%emt 0:01:09]} 22. Kxf3 {[%emt 0:00:34]} Be7 {[%emt 0:00:37]} 23. Rhd1 {[%emt 0:04:11]} Rhd8 {[%emt 0:00:29]} 24. Rxd8 {[%emt 0:06:47]} Rxd8 {[%emt 0:02:36]} 25. Rc1 {[%emt 0:00:43]} Rc8 {[%emt 0:00:48]} 26. Bd2 {[%emt 0:06:36]} Rxc1 {[%emt 0:01:20]} 27. Bxc1 {[%emt 0:00:01]} f5 {[%emt 0:00:30]} 28. e4 {[%emt 0:02:28]} h5 {[%emt 0:02:20]} 29. h3 {[%emt 0:08:09]} Ke8 {[%emt 0:03:33]} 30. exf5 {[%emt 0:03:35]} exf5 {[%emt 0:01:41]} 31. Ke2 {[%emt 0:03:42]} Kd7 {[%emt 0:00:58]} 32. Kd3 {[%emt 0:00:04]} Kc6 {[%emt 0:00:23]} 33. Kc4 {[%emt 0:02:00]} b5+ {[%emt 0:00:42]} 34. Kd3 {[%emt 0:00:22]} Kd5 {[%emt 0:01:33]} 35. b3 {[%emt 0:01:16]} Bd6 {[%emt 0:00:56]} 36. Be3 {[%emt 0:01:30]} Ba3 {[%emt 0:01:47]} 37. Bd2 {[%emt 0:00:51]} Be7 {[%emt 0:02:38]} 38. Be3 {[%emt 0:01:21]} Bd8 {[%emt 0:00:27]} 39. Bc1 {[%emt 0:01:01]} a5 {[%emt 0:03:26]} 40. Be3 {[%emt 0:01:50]} a4 {[%emt 0:01:01]} 41. Bc1 {[%emt 0:04:20]} Bb6 {[%emt 0:04:18]} 42. Bd2 {[%emt 0:07:03]} Bc5 {[%emt 0:01:38]} 43. Bc1 {[%emt 0:01:43]} Bg1 {[%emt 0:01:11]} 44. Ba3 {[%emt 0:08:16]} Bf2 {[%emt 0:05:03]} 45. Bc1 {[%emt 0:02:46]} Bb6 {[%emt 0:05:05]} 46. Bd2 {[%emt 0:00:41]} Bd8 {[%emt 0:00:50]} 47. Bc1 {[%emt 0:00:56]} Be7 {[%emt 0:00:34]} 48. Be3 {[%emt 0:02:15]} Ba3 {[%emt 0:00:36]} 49. Bd2 {[%emt 0:00:34]} Kc5 {[%emt 0:01:44]} 50. Be3+ {[%emt 0:00:17]} Kd5 {[%emt 0:00:08]} 51. Bd2 {[%emt 0:00:06]} Bf8 {[%emt 0:00:26]} 52. Bc1 {[%emt 0:01:23]} Bc5 {[%emt 0:01:58]} 53. Bd2 {[%emt 0:00:55]} Bg1 {[%emt 0:00:50]} 54. Bb4 {[%emt 0:02:04]} Bh2 {[%emt 0:01:10]} 55. Bd2 {[%emt 0:00:20]} Kc5 {[%emt 0:01:13]} 56. Kc3 {[%emt 0:00:21]} Bg1 {[%emt 0:00:33]} 57. Bc1 {[%emt 0:00:30]} Bd4+ {[%emt 0:03:04]} 58. Kd3 {[%emt 0:00:03]} Kd5 {[%emt 0:00:18]} 59. Bd2 {[%emt 0:02:31]} Ba7 {[%emt 0:00:25]} 60. Bc1 {[%emt 0:00:23]} Bb8 {[%emt 0:00:10]} 61. Be3 {[%emt 0:00:41]} Bc7 {[%emt 0:00:19]} 62. Bc1 {[%emt 0:00:28]} Kc5 {[%emt 0:01:02]} 63. Ba3+ {[%emt 0:00:24]} Kc6 {[%emt 0:00:05]} 64. Bc1 {[%emt 0:00:32]} Kd5 {[%emt 0:00:06]} 65. Be3 {[%emt 0:00:21]} Bd8 {[%emt 0:00:16]} 66. Bc1 {[%emt 0:00:18]} Bh4 {[%emt 0:00:13]} 67. Be3 {[%emt 0:01:08]} Bg3 {[%emt 0:00:27]} 68. Bc1 {[%emt 0:00:28]} Bf2 {[%emt 0:00:14]} 69. Ke2 {[%emt 0:01:37]} Ba7 {[%emt 0:00:36]} 70. Kd3 {[%emt 0:00:07]} Bg1 {[%emt 0:00:03]} 71. Ba3 {[%emt 0:01:16]} Bb6 {[%emt 0:02:36]} 72. Bc1 {[%emt 0:00:19]} Ba7 {[%emt 0:00:19]} 73. Bd2 {[%emt 0:00:39]} Bc5 {[%emt 0:00:30]} 74. Bc1 {[%emt 0:00:24]} Bf8 {[%emt 0:00:23]} 75. Be3 {[%emt 0:00:35]} Be7 {[%emt 0:00:12]} 76. Bc1 {[%emt 0:00:22]} Bc5 {[%emt 0:00:56]} 77. Bd2 {[%emt 0:00:58]} Ba7 {[%emt 0:00:12]} 78. Bc1 {[%emt 0:00:33]} Bg1 {[%emt 0:00:22]} 79. Ba3 {[%emt 0:00:31]} Bh2 {[%emt 0:00:23]} 80. Bc1 {[%emt 0:00:57]} Bg3 {[%emt 0:00:06]} 81. Be3 {[%emt 0:00:29]} Be1 {[%emt 0:00:05]} 82. Bc1 {[%emt 0:00:09]} Bf2 {[%emt 0:00:16]} 83. Ke2 {[%emt 0:00:44]} Ba7 {[%emt 0:00:31]} 84. Kd3 {[%emt 0:00:05]} Bb8 {[%emt 0:00:09]} 85. Be3 {[%emt 0:00:34]} Bc7 {[%emt 0:00:18]} 86. Bc1 {[%emt 0:00:18]} Bb6 {[%emt 0:01:29] Ke4+} 1/2-1/2

[Event "49th Rilton Cup 2019-20"]
[Site "Stockholm"]
[Date "2019.12.29"]
[Round "3.9"]
[White "Schekachikhin, Maksim"]
[Black "Meshkovs, Nikita"]
[Result "1/2-1/2"]
[WhiteElo "2389"]
[BlackElo "2558"]
[Annotator "ChessBase"]
[PlyCount "200"]
[EventDate "2019.12.27"]
[EventType "swiss"]
[EventCountry "SWE"]
[SourceTitle "playchess.com"]
[Source "ChessBase"]
[SourceQuality "1"]
[TimeControl "40/5400+30:1800+30"]

1. d4 {[%emt 0:00:00]} Nf6 {[%emt 0:00:00]} 2. c4 {[%emt 0:00:00]} e6 {[%emt 0:00:00]} 3. Nc3 {[%emt 0:00:12]} Bb4 {[%emt 0:00:05]} 4. Qc2 {[%emt 0:00:11]} d5 {[%emt 0:00:15]} 5. cxd5 {[%emt 0:00:22]} exd5 {[%emt 0:00:09]} 6. Bg5 {[%emt 0:00:20]} h6 {[%emt 0:00:11]} 7. Bh4 {[%emt 0:00:06]} g5 {[%emt 0:00:07]} 8. Bg3 {[%emt 0:00:07]} Nc6 {[%emt 0:00:05]} 9. e3 {[%emt 0:00:10]} h5 {[%emt 0:00:05]} 10. Bb5 {[%emt 0:11:43]} Ne4 {[%emt 0:00:54]} 11. f3 {[%emt 0:09:20]} Bxc3+ {[%emt 0:09:56]} 12. bxc3 {[%emt 0:00:39]} Nxg3 {[%emt 0:00:07]} 13. hxg3 {[%emt 0:01:32]} Qe7 {[%emt 0:00:27]} 14. Kf2 {[%emt 0:02:58]} Bd7 {[%emt 0:01:06]} 15. Bxc6 {[%emt 0:11:00]} Bxc6 {[%emt 0:00:41]} 16. Qf5 {[%emt 0:00:08]} Bd7 {[%emt 0:04:50]} 17. Qxd5 {[%emt 0:06:22]} O-O-O {[%emt 0:00:23]} 18. Rb1 {[%emt 0:02:17]} Bc6 {[%emt 0:02:13]} 19. Qf5+ {[%emt 0:01:22]} Kb8 {[%emt 0:00:38]} 20. Ne2 {[%emt 0:02:30]} Rh6 {[%emt 0:08:06]} 21. c4 {[%emt 0:09:27]} Rf6 {[%emt 0:06:20]} 22. Qc5 {[%emt 0:02:37]} Qxc5 {[%emt 0:05:04]} 23. dxc5 {[%emt 0:00:05]} Rf5 {[%emt 0:00:04]} 24. Rxh5 {[%emt 0:09:19]} Rxc5 {[%emt 0:00:16]} 25. Rc1 {[%emt 0:02:29]} a6 {[%emt 0:05:20]} 26. Nd4 {[%emt 0:02:25]} Bb5 {[%emt 0:00:27]} 27. Rd1 {[%emt 0:00:52]} Bd7 {[%emt 0:00:32]} 28. Nb3 {[%emt 0:04:22]} Rxc4 {[%emt 0:03:11]} 29. Rxg5 {[%emt 0:00:10]} b6 {[%emt 0:04:43]} 30. Rd2 {[%emt 0:03:29]} Kc8 {[%emt 0:03:35]} 31. Rgd5 {[%emt 0:01:14]} a5 {[%emt 0:00:13]} 32. Nd4 {[%emt 0:04:18]} Rh8 {[%emt 0:03:22]} 33. g4 {[%emt 0:02:47]} a4 {[%emt 0:01:51]} 34. g5 {[%emt 0:01:15]} a3 {[%emt 0:21:58]} 35. Nc2 {[%emt 0:02:05]} Be6 {[%emt 0:00:01]} 36. R5d3 {[%emt 0:00:10]} Kb7 {[%emt 0:00:43]} 37. Rxa3 {[%emt 0:02:41]} c5 {[%emt 0:00:21]} 38. e4 {[%emt 0:00:24]} b5 {[%emt 0:02:22]} 39. Ne3 {[%emt 0:00:14]} Rc1 {[%emt 0:00:01]} 40. f4 {[%emt 0:04:30]} b4 {[%emt 0:02:35]} 41. Ra4 {[%emt 0:18:29]} Re8 {[%emt 0:16:00]} 42. f5 {[%emt 0:03:47]} Bc8 {[%emt 0:00:01]} 43. Kf3 {[%emt 0:01:14]} Kc6 {[%emt 0:07:06]} 44. Kf4 {[%emt 0:03:08]} Bb7 {[%emt 0:00:00]} 45. e5 {[%emt 0:00:50]} Kb5 {[%emt 0:05:22]} 46. Ra7 {[%emt 0:00:11]} Kb6 {[%emt 0:00:01]} 47. Rxb7+ {[%emt 0:01:35]} Kxb7 {[%emt 0:00:01]} 48. f6 {[%emt 0:01:56]} Re1 {[%emt 0:04:32]} 49. g6 {[%emt 0:02:47]} fxg6 {[%emt 0:00:02]} 50. f7 {[%emt 0:00:09]} g5+ {[%emt 0:00:01]} 51. Kf3 {[%emt 0:01:59]} Rxe3+ {[%emt 0:00:49]} 52. Kxe3 {[%emt 0:00:51]} Rxe5+ {[%emt 0:00:02]} 53. Kf3 {[%emt 0:00:31]} Rf5+ {[%emt 0:00:02]} 54. Kg4 {[%emt 0:00:07]} Rxf7 {[%emt 0:00:04]} 55. Kxg5 {[%emt 0:00:05]} Kc6 {[%emt 0:02:40]} 56. g4 {[%emt 0:00:06]} c4 {[%emt 0:00:04]} 57. Kg6 {[%emt 0:01:02]} c3 {[%emt 0:05:59]} 58. Rc2 {[%emt 0:00:30]} Ra7 {[%emt 0:00:06]} 59. g5 {[%emt 0:01:29]} Rxa2 {[%emt 0:09:57]} 60. Rxa2 {[%emt 0:00:08]} b3 {[%emt 0:00:01]} 61. Ra3 {[%emt 0:01:39]} c2 {[%emt 0:00:10]} 62. Rxb3 {[%emt 0:00:10]} c1=Q {[%emt 0:00:03]} 63. Rf3 {[%emt 0:01:10]} Kd7 {[%emt 0:00:36]} 64. Rf7+ {[%emt 0:00:37]} Ke8 {[%emt 0:00:14]} 65. Rf6 {[%emt 0:00:16]} Qe3 {[%emt 0:00:49]} 66. Kh6 {[%emt 0:00:28]} Ke7 {[%emt 0:00:10]} 67. Kg6 {[%emt 0:00:15]} Qh3 {[%emt 0:02:45]} 68. Rf7+ {[%emt 0:00:55]} Ke6 {[%emt 0:00:03]} 69. Rf6+ {[%emt 0:00:04]} Ke5 {[%emt 0:00:03]} 70. Kg7 {[%emt 0:00:50]} Qh4 {[%emt 0:00:01]} 71. Kg6 {[%emt 0:00:14]} Qh8 {[%emt 0:00:02]} 72. Rf5+ {[%emt 0:00:17]} Ke4 {[%emt 0:00:01]} 73. Rf6 {[%emt 0:00:16]} Qg8+ {[%emt 0:01:47]} 74. Kh6 {[%emt 0:00:14]} Ke5 {[%emt 0:00:01]} 75. Kh5 {[%emt 0:00:27]} Qh7+ {[%emt 0:01:25]} 76. Kg4 {[%emt 0:00:19]} Qh2 {[%emt 0:00:43]} 77. Rf5+ {[%emt 0:00:30]} Ke4 {[%emt 0:00:06]} 78. Rf6 {[%emt 0:00:10]} Qe2+ {[%emt 0:01:40]} 79. Kh4 {[%emt 0:00:29]} Ke5 {[%emt 0:00:02]} 80. Rf8 {[%emt 0:01:16]} Qe1+ {[%emt 0:02:38]} 81. Kh5 {[%emt 0:00:25]} Qd1+ {[%emt 0:00:26]} 82. Kg6 {[%emt 0:00:38]} Qd7 {[%emt 0:00:27]} 83. Rf6 {[%emt 0:00:13]} Qe7 {[%emt 0:00:36]} 84. Kh6 {[%emt 0:00:14]} Qe8 {[%emt 0:00:22]} 85. Rf2 {[%emt 0:01:06]} Qh8+ {[%emt 0:00:19]} 86. Kg6 {[%emt 0:00:05]} Ke4 {[%emt 0:00:29]} 87. Rf6 {[%emt 0:00:32]} Kd4 {[%emt 0:00:42]} 88. Rf4+ {[%emt 0:00:26]} Ke3 {[%emt 0:00:39]} 89. Rf6 {[%emt 0:00:24]} Ke4 {[%emt 0:00:17]} 90. Rf2 {[%emt 0:00:40]} Qd4 {[%emt 0:00:39]} 91. Rf6 {[%emt 0:00:15]} Qd7 {[%emt 0:00:02]} 92. Kh6 {[%emt 0:01:04]} Ke5 {[%emt 0:00:38]} 93. Kg6 {[%emt 0:00:13]} Qh3 {[%emt 0:00:53]} 94. Rf8 {[%emt 0:00:46]} Qh4 {[%emt 0:00:26]} 95. Rf5+ {[%emt 0:00:26]} Ke4 {[%emt 0:00:20]} 96. Rf6 {[%emt 0:00:09]} Qh8 {[%emt 0:00:33]} 97. Rf2 {[%emt 0:00:25]} Qg8+ {[%emt 0:00:42]} 98. Kh6 {[%emt 0:00:14]} Qd8 {[%emt 0:00:29]} 99. Rf6 {[%emt 0:00:18]} Qh8+ {[%emt 0:00:21]} 100. Kg6 {[%emt 0:00:07]} Ke5 {[%emt 0:00:24]} 1/2-1/2

[Event "49th Rilton Cup 2019-20"]
[Site "Stockholm"]
[Date "2019.12.29"]
[Round "3.10"]
[White "Kulaots, Kaido"]
[Black "Lye, Lik Zang"]
[Result "1-0"]
[WhiteElo "2538"]
[BlackElo "2379"]
[Annotator "TA"]
[PlyCount "81"]
[EventDate "2019.12.27"]
[EventType "swiss"]
[EventCountry "SWE"]
[SourceTitle "playchess.com"]
[Source "ChessBase"]
[SourceQuality "1"]

{[%evp 17,85,43,69,68,71,70,72,55,67,28,35,38,36,35,45,41,41,41,24,32,40,43,57,37,32,26,57,37,36,0,57,45,60,64,68,68,83,74,78,36,37,27,129,119,131,0,0,0,131,131,134,112,128,122,285,277,272,233,1155,1004,1188,1158,1656,1627,876,654,1975,1838,29959,11558]} 1. e4 c5 2. Nf3 d6 3. d4 Nf6 4. Nc3 cxd4 5. Nxd4 Nc6 6. Bg5 Bd7 7. Qd2 Rc8 8. f4 Nxd4 9. Qxd4 Qa5 10. e5 {B61: Sicilian: Richter-Rauzer: 6...Bd7 7 Qd2} dxe5 11. fxe5 {Threatens to win with 0-0-0.} e6 $1 12. O-O-O {White is better.} Bc5 13. Qh4 Nd5 $1 {[%cal Rd5c3]} 14. Nxd5 exd5 15. Kb1 {[#]} Qa4 $146 ({Predecessor:} 15... Be6 16. Bd3 d4 17. b3 Qb6 {1-0 (33) Navara,D (2736)-Rusev,K (2520) Skopje 2018}) 16. Be2 {Black must now prevent e6.} Qxh4 17. Bxh4 d4 18. Rhf1 Be6 19. Bf2 Ke7 20. Bxd4 Bxd4 21. Rxd4 Rhd8 22. Rxd8 (22. Rb4 {with more complications.} b6 23. Bd3 Rc5 24. Re4 Rdd5 25. Rfe1) 22... Rxd8 $14 {[%mdl 4096] Endgame KRB-KRB} 23. Bd3 Bd5 (23... Rd4 $11) 24. g3 ({Wrong is} 24. Bxh7 $2 Bxg2 25. Re1 g6 $19) 24... Ke6 25. Re1 h5 26. c4 Bc6 27. Kc2 h4 28. b4 ({Much worse is} 28. gxh4 Rh8 $11) 28... hxg3 29. hxg3 a6 (29... Rd4 $11 {remains equal.}) 30. Kc3 $16 Rh8 31. Kd4 (31. b5 $16 axb5 32. cxb5) 31... Rd8+ $11 32. Kc3 ({White should try} 32. Ke3 $11) 32... Rh8 $1 $16 33. b5 axb5 34. cxb5 Bd5 35. a4 Rh5 $2 (35... b6 $16) 36. Kd4 $18 {And now g4 would win.} Rg5 37. Rf1 {Strongly threatening Bf5+!} Rg4+ $2 (37... Rxe5 38. Rxf7 Rg5) 38. Rf4 Rg5 {[#]} 39. Bf5+ $1 {[%mdl 512]} Rxf5 40. Rxf5 Bb3 41. Rf4 {Played: a4-a5} 1-0

[Event "49th Rilton Cup 2019-20"]
[Site "Stockholm"]
[Date "2019.12.29"]
[Round "3.11"]
[White "Spyropoulos, Nikolaos"]
[Black "Ionov, Sergey"]
[Result "0-1"]
[WhiteElo "2401"]
[BlackElo "2521"]
[Annotator "ChessBase"]
[PlyCount "118"]
[EventDate "2019.12.27"]
[EventType "swiss"]
[EventCountry "SWE"]
[SourceTitle "playchess.com"]
[Source "ChessBase"]
[SourceQuality "1"]
[TimeControl "40/5400+30:1800+30"]

1. e4 {[%emt 0:00:00]} e6 {[%emt 0:00:32]} 2. d4 {[%emt 0:00:00]} d5 {[%emt 0:00:07]} 3. Nc3 {[%emt 0:00:00]} Nf6 {[%emt 0:00:23]} 4. Bg5 {[%emt 0:00:00]} dxe4 {[%emt 0:00:21]} 5. Nxe4 {[%emt 0:00:03]} Nbd7 {[%emt 0:00:08]} 6. Nxf6+ {[%emt 0:01:22]} Nxf6 {[%emt 0:01:08]} 7. Nf3 {[%emt 0:00:09]} h6 {[%emt 0:01:50]} 8. Bh4 {[%emt 0:00:28]} c5 {[%emt 0:01:53]} 9. Bd3 {[%emt 0:02:45]} cxd4 {[%emt 0:09:15]} 10. Nxd4 {[%emt 0:02:08]} Be7 {[%emt 0:14:48]} 11. O-O {[%emt 0:05:50]} O-O {[%emt 0:00:23]} 12. c3 {[%emt 0:01:44]} Nd5 {[%emt 0:07:21]} 13. Bg3 {[%emt 0:20:19]} Bf6 {[%emt 0:07:38]} 14. Qe2 {[%emt 0:07:39]} Bxd4 {[%emt 0:06:09]} 15. cxd4 {[%emt 0:00:07]} Bd7 {[%emt 0:02:29]} 16. a3 {[%emt 0:15:34]} Bc6 {[%emt 0:04:29]} 17. Rac1 {[%emt 0:00:31]} Qd7 {[%emt 0:05:32]} 18. Be5 {[%emt 0:08:55]} a6 {[%emt 0:08:31]} 19. h3 {[%emt 0:11:57]} Rac8 {[%emt 0:09:41]} 20. Rc5 {[%emt 0:01:02]} f6 {[%emt 0:05:00]} 21. Bg3 {[%emt 0:09:30]} Ne7 {[%emt 0:00:52]} 22. Re1 {[%emt 0:07:18]} Bd5 {[%emt 0:01:06]} 23. Be4 Bxe4 {[%emt 0:02:37]} 24. Qxe4 {[%emt 0:03:44]} Kf7 {[%emt 0:00:07]} 25. Qg4 {[%emt 0:00:47]} Nd5 {[%emt 0:02:02]} 26. Qh5+ {[%emt 0:00:28]} Kg8 {[%emt 0:00:23]} 27. b4 {[%emt 0:00:33]} b6 {[%emt 0:02:04]} 28. Rxc8 {[%emt 0:00:05]} Qxc8 {[%emt 0:01:08]} 29. Qe2 {[%emt 0:00:37]} Re8 {[%emt 0:00:29]} 30. Qg4 {[%emt 0:00:46]} Qc6 {[%emt 0:03:09]} 31. Bf4 {[%emt 0:00:26]} Kh7 {[%emt 0:00:25]} 32. Rc1 {[%emt 0:00:30]} Qd7 {[%emt 0:02:19]} 33. Bd2 {[%emt 0:00:32]} Rc8 {[%emt 0:00:50]} 34. Re1 {[%emt 0:00:36]} Rc6 {[%emt 0:00:07]} 35. h4 {[%emt 0:00:25]} b5 {[%emt 0:00:52]} 36. h5 {[%emt 0:00:26]} Qf7 {[%emt 0:00:08]} 37. Bf4 {[%emt 0:00:38]} f5 {[%emt 0:01:11]} 38. Qh4 {[%emt 0:00:07]} Qf6 {[%emt 0:00:30]} 39. Qg3 {[%emt 0:00:11]} Rc3 {[%emt 0:00:29]} 40. Qh2 {[%emt 0:00:39]} Rxa3 {[%emt 0:00:33]} 41. Bc1 {[%emt 0:07:39]} Ra1 {[%emt 0:15:36]} 42. Qg3 {[%emt 0:13:40]} Nxb4 {[%emt 0:06:23]} 43. Qc3 {[%emt 0:10:27]} Rb1 {[%emt 0:01:51]} 44. Bd2 {[%emt 0:00:12]} Nd5 {[%emt 0:02:40]} 45. Qc6 {[%emt 0:00:13]} Rxe1+ {[%emt 0:00:38]} 46. Bxe1 {[%emt 0:00:04]} Nf4 {[%emt 0:01:59]} 47. Qxa6 {[%emt 0:00:42]} Qxd4 {[%emt 0:01:34]} 48. g3 {[%emt 0:01:35]} Nh3+ {[%emt 0:02:29]} 49. Kh2 {[%emt 0:00:29]} Ng5 {[%emt 0:00:07]} 50. Qa5 {[%emt 0:00:35]} Qe4 {[%emt 0:00:43]} 51. Bc3 {[%emt 0:00:15]} Qe2 {[%emt 0:00:22]} 52. Qa7 {[%emt 0:00:35]} Qxh5+ {[%emt 0:00:13]} 53. Kg1 {[%emt 0:00:07]} Qf7 {[%emt 0:00:13]} 54. Qb6 {[%emt 0:00:46]} Qd7 {[%emt 0:00:10]} 55. Qe3 {[%emt 0:00:21]} Qc6 {[%emt 0:00:38]} 56. Bb2 {[%emt 0:00:31]} Qc2 {[%emt 0:01:04]} 57. Ba3 {[%emt 0:00:54]} b4 {[%emt 0:00:15]} 58. Bxb4 {[%emt 0:00:13]} Qb1+ {[%emt 0:00:04]} 59. Be1 {[%emt 0:00:04]} Qxe1+ 0-1

[Event "49th Rilton Cup 2019-20"]
[Site "Stockholm"]
[Date "2019.12.29"]
[Round "3.12"]
[White "Miezis, Normunds"]
[Black "Moehn, Hans"]
[Result "1-0"]
[WhiteElo "2486"]
[BlackElo "2373"]
[Annotator "ChessBase"]
[PlyCount "104"]
[EventDate "2019.12.27"]
[EventType "swiss"]
[EventCountry "SWE"]
[SourceTitle "playchess.com"]
[Source "ChessBase"]
[SourceQuality "1"]
[TimeControl "40/5400+30:1800+30"]

1. c4 {[%emt 0:00:00]} c6 {[%emt 0:00:00]} 2. e4 {[%emt 0:00:46]} d5 {[%emt 0:00:00]} 3. cxd5 {[%emt 0:00:19]} cxd5 {[%emt 0:00:00]} 4. exd5 {[%emt 0:00:09]} Nf6 {[%emt 0:00:00]} 5. Nc3 {[%emt 0:02:15]} Nxd5 {[%emt 0:00:05]} 6. Nf3 {[%emt 0:00:15]} Nxc3 {[%emt 0:00:07]} 7. bxc3 {[%emt 0:01:21]} g6 {[%emt 0:00:07]} 8. Qa4+ {[%emt 0:02:39]} Nc6 {[%emt 0:08:47]} 9. Qh4 {[%emt 0:19:01]} Bf5 {[%emt 0:15:26]} 10. d4 {[%emt 0:04:58]} e5 {[%emt 0:08:36]} 11. Bb5 {[%emt 0:19:25]} Qxh4 {[%emt 0:03:54]} 12. Nxh4 {[%emt 0:01:00]} Bd7 {[%emt 0:14:14]} 13. O-O {[%emt 0:04:54]} exd4 {[%emt 0:03:08]} 14. cxd4 {[%emt 0:02:53]} O-O-O {[%emt 0:07:07]} 15. Be3 {[%emt 0:06:36]} Be6 {[%emt 0:06:42]} 16. Nf3 {[%emt 0:02:08]} f6 {[%emt 0:05:46]} 17. Rfc1 {[%emt 0:02:33]} Bd5 {[%emt 0:00:21]} 18. Rab1 {[%emt 0:00:42]} Bd6 {[%emt 0:04:57]} 19. Nd2 {[%emt 0:04:21]} Rd7 {[%emt 0:04:28]} 20. a4 {[%emt 0:01:26]} Rc7 {[%emt 0:03:31]} 21. Nc4 {[%emt 0:02:47]} Bxc4 {[%emt 0:00:10]} 22. Bxc4 {[%emt 0:01:21]} Kb8 {[%emt 0:01:02]} 23. Kf1 {[%emt 0:03:33]} Rd8 {[%emt 0:03:43]} 24. Bd5 {[%emt 0:03:36]} Rdc8 {[%emt 0:02:03]} 25. Be6 {[%emt 0:02:19]} Rd8 {[%emt 0:00:27]} 26. d5 {[%emt 0:01:31]} Ne7 {[%emt 0:02:06]} 27. g3 {[%emt 0:01:40]} Nf5 {[%emt 0:01:33]} 28. Bxf5 {[%emt 0:04:20]} gxf5 {[%emt 0:00:05]} 29. Ke2 {[%emt 0:01:57]} Re7 {[%emt 0:02:59]} 30. Rc4 {[%emt 0:02:04]} Bc7 {[%emt 0:00:22]} 31. Rd1 {[%emt 0:00:51]} Red7 {[%emt 0:00:32]} 32. Kf3 {[%emt 0:00:56]} Be5 {[%emt 0:00:39]} 33. Rh4 {[%emt 0:00:10]} b6 {[%emt 0:01:28]} 34. Rh5 {[%emt 0:00:28]} Kb7 {[%emt 0:00:44]} 35. h4 {[%emt 0:00:22]} Ka6 {[%emt 0:00:32]} 36. Rc1 {[%emt 0:00:48]} Re8 {[%emt 0:01:36]} 37. Rxf5 {[%emt 0:01:00]} Rxd5 {[%emt 0:00:05]} 38. Rc7 {[%emt 0:00:26]} Ra5 {[%emt 0:01:00]} 39. Rxh7 {[%emt 0:00:15]} Rxa4 {[%emt 0:00:02]} 40. h5 {[%emt 0:00:32]} Ra8 {[%emt 0:01:02]} 41. h6 {[%emt 0:30:24]} Rc4 {[%emt 0:01:20]} 42. g4 {[%emt 0:00:00]} b5 {[%emt 0:07:03]} 43. g5 {[%emt 0:00:00]} b4 {[%emt 0:01:27]} 44. gxf6 {[%emt 0:00:00]} Bc7 {[%emt 0:12:15]} 45. Rc5 {[%emt 0:00:00]} Rxc5 {[%emt 0:00:54]} 46. Bxc5 {[%emt 0:00:00]} Be5 {[%emt 0:00:38]} 47. Bxb4 {[%emt 0:00:00]} Bxf6 {[%emt 0:02:12]} 48. Bc5 {[%emt 0:00:00]} Bg5 {[%emt 0:03:29]} 49. Kg4 {[%emt 0:00:00]} Kb5 {[%emt 0:01:01]} 50. Kxg5 {[%emt 0:00:00]} Kxc5 {[%emt 0:00:05]} 51. Rg7 {[%emt 0:00:00]} a5 {[%emt 0:00:07]} 52. h7 {[%emt 0:00:00]} Kd5 1-0